000 01092nam a22002657a 4500
005 20090624114752.0
008 090624t xxu||||| |||| 00| 0 eng d
010 _aENG-94210
020 _a9788183563239
_c500.00
035 _aEN-77743
037 _bDBAD / VEN
040 _adpl
_bEnglish
082 _a304.632
100 _aSwarup, P.
245 _aFertrility and family planning /
_cby P. Swarup, B. Prabhakara Reddy [and] T. Lakshmamma
260 _aNew Delhi
_bDiscovery Publishing House
_c2009
270 _a4831/24, Ansari Road, Prahlad Street, Darya Ganj,
_bNew Delhi
_e110002
300 _a168p.
_c22cm(Hb)
500 _aIncludes bibliographical references and index
700 _aReddy, B.P.
700 _aLakshmamma, T.
942 _2ddc
_cEN
_mSWA
_h304.632
999 _c27836
_d27836